Statystyki dla Polskie Atrakcje Turystyczne po Opisie z Wikipedii #2

Kliknij tutaj aby rozwiązać quiz!

Ogólne statystyki

  • Ten quiz został rozwiązany 217 razy
  • Średni wynik to 4 z 10

Statystyki odpowiedzi

OpisAtrakcja turystyczna% Poprawnych
„Zabytkowy dźwig portowy i jedna z bram wodnych Gdańska, która mieści się nad Motławą.”Żuraw
84%
„Zamek na prawym brzegu Nogatu, wzniesiony w kilku etapach od 1280 do poł. XV w. przez zakon krzyżacki.”Zamek w Malborku
83%
„Są reprezentacyjną ulicą w Zakopanem położoną w centrum miasta. Można tam skorzystać z takich atrakcji jak przejażdżka dorożką, zdjęcie z misiem, itd.”Krupówki
79%
„W latach 1941–1944 kwatera główna Adolfa Hitlera.”Wilczy Szaniec
49%
„Oprócz budynków, pawilonów oraz wolnostojących rzeźb znajdują się tam cztery ogrody: Królewski, Romantyczny, Modernistyczny oraz Chiński.”Łazienki Królewskie
42%
„Najstarsza, zabytkowa część Wrocławia, która powstała na ówczesnej wyspie.”Ostrów Tumski
37%
„Pierwotnie rezydencja książąt mazowieckich, a od XVI wieku siedziba władz I Rzeczypospolitej: króla i Sejmu (Izby Poselskiej i Senatu).”Zamek Królewski w Warszawie
37%
„Najwyższa na polskim wybrzeżu Morza Bałtyckiego, jedna z najwyższych latarń morskich na świecie.”Latarnia Morska Świnoujście
27%
„Była to pierwsza na świecie kopalnia, w której wydobywano ropę naftową.”Kopalnia w Bóbrce
8%
„Malowniczą lokalizację zamku potęguje położone u podnóża góry zaporowe Jezioro Bystrzyckie.”Zamek Grodno
3%

Rozkład punktacji

Percentyl według liczby udzielonych odpowiedzi

Procent ludzi z każdym wynikiem

Twoja historia wyników

Nie rozwiązałeś tego quizu